The British short story / (رقم التسجيلة. 14288)
[ عرض عادي ]
| 000 -الفاتح | |
|---|---|
| حقل البيانات ثابتة الطول | 03180cam a2200517 a 4500 |
| 001 - رقم الضبط | |
| رقم الضبط | 8497528 |
| 003 - محدد رقم الضبط | |
| رقم الضبط | OSt |
| 005 - وقت وتاريخ اخر تعامل مع التسجيلة | |
| رقم الضبط | 20150408113918.0 |
| 008 - عناصر البيانات ثابتة الطول - معلومات عامة | |
| حقل البيانات ثابتة الطول | 101230s2011 enk b 001 0 eng |
| 010 ## - رقم ضبط مكتبة الكونجرس | |
| رقم ضبط مكتبة الكونجرس | 2010053348 |
| 015 ## - رقم الببليوجرافية الوطنية | |
| رقم الببليوجرافية الوطنية | GBB0A1004 |
| المصدر | bnb |
| 016 7# - رقم ضبط الوكاله الوطنية للضبط الببليوجرافي | |
| رقم ضبط التسجيلة | 015634330 |
| المصدر | Uk |
| 020 ## - الرقم الدولى المعيارى للكتب | |
| الرقم الدولى المعيارى للكتاب | 9780230551718 (pbk.) |
| 020 ## - الرقم الدولى المعيارى للكتب | |
| الرقم الدولى المعيارى للكتاب | 0230551718 (pbk.) |
| 020 ## - الرقم الدولى المعيارى للكتب | |
| الرقم الدولى المعيارى للكتاب | 9780230551701 (hbk.) |
| 020 ## - الرقم الدولى المعيارى للكتب | |
| الرقم الدولى المعيارى للكتاب | 023055170X (hbk.) |
| 035 ## - رقم ضبط النظام | |
| رقم ضبط النظام | (OCoLC)ocn659232158 |
| 035 ## - رقم ضبط النظام | |
| رقم ضبط النظام | (OCoLC)659232158 |
| 035 ## - رقم ضبط النظام | |
| رقم ضبط النظام | (OCoLC)659232158 |
| رقم الضبط الملغى والمتاح | (OCoLC)639162559 |
| 035 ## - رقم ضبط النظام | |
| رقم ضبط النظام | (NNC)8497528 |
| 040 ## - مصدر الفهرسة | |
| وكالة الفهرسة الأصلية | DLC |
| وكالة النسخ | DLC |
| وكالة التعديل | YDX |
| -- | UKM |
| -- | YDXCP |
| -- | BWX |
| -- | BTCTA |
| -- | NLE |
| 042 ## - رمز التحقق | |
| رمز التحقق | pcc |
| 050 00 - رقم طلب مكتبة الكونجرس | |
| رقم التصنيف | PR829 |
| رقم المادة | .L54 2011 |
| 082 00 - رقم تصنيف ديوى العشرى | |
| رقم التصنيف | 823.0109 |
| رقم الطبعة | 22 |
| رقم المادة | L E B |
| 084 ## - رقم تصنيف آخر | |
| رقم التصنيف | LIT018000 |
| -- | LIT004120 |
| -- | LIT000000 |
| مصدر الرقم | bisacsh |
| 100 1# - المدخل الرئيسى - إسم شخصى | |
| الإسم الشخصى | Liggins, Emma. |
| 9 (RLIN) | 4118 |
| 245 14 - بيان العنوان | |
| العنوان | The British short story / |
| بيان المسئوليه,etc | Emma Liggins, Andrew Maunder, Ruth Robbins. |
| 260 ## - PUBLICATION, DISTRIBUTION, ETC. (IMPRINT) | |
| مكان الناشر او الموزع | Houndmills Basingstoke, Hampshire ; |
| -- | New York : |
| اسم الناشر او الموزع | Palgrave Macmillan, |
| تاريخ النشر أو التوزيع | 2011. |
| 300 ## - الوصف المادى | |
| التعداد | vi, 311 p. ; |
| أبعاد الوعاء | 22 cm. |
| 490 1# - بيان السلسلة | |
| عنوان السلسلة | Outlining literature |
| 504 ## - تبصرة ببليوجرافية | |
| تبصرة ببليوجرافية,الخ | Includes bibliographical references and index. |
| 505 8# - تبصرة محتويات-الفهرس | |
| تبصرة المحتويات المصاغة | Machine generated contents note: -- Introduction: What is a Short Story? -- PART I -- Introducing the Victorian and Edwardian Short Story -- Victorian Sensations: Supernatural and Weird Tales -- New Woman Short Stories -- Imperial Adventures and Colonial Tales -- PART II -- Introduction to the Twentieth-Century Short Story -- The_Short Story and the Great War -- Experiment and Continuity: The Modernist Short Story -- The Short Story and Genre Fiction: The Strange Case of the Same Old, Same Old Story -- PART III -- 1945_and After: An Introduction to the Post-war Short Story -- Women's Stories, 1940s to the Present -- Multiculturalism and Relationships: The British Short Story Today -- Bibliography. |
| 520 ## - التبصرة الخاصة بالتعليق أو التلخيص | |
| ملخص,الخ | "The short story remains a crucial if neglected - part of British literary heritage. This accessible and up-to-date critical overview maps out the main strands and figures that shaped the British short story and novella from the 1850s to the present. It offers new readings of both classic and forgotten texts in a clear, jargon-free way"--Provided by publisher. |
| 520 ## - التبصرة الخاصة بالتعليق أو التلخيص | |
| ملخص,الخ | "The short story remains a crucial if neglected - part of British literary heritage. This accessible and up-to-date critical overview maps out the main strands and figures that shaped the British short story and novella from the 1850s to the present. It offers new readings of both classic and forgotten texts in a clear, jargon-free way"-- |
| 650 #0 - المدخل الاضافى بالموضوع-مصطلح موضوعى | |
| مصطلح موضوعي أو اسم جغرافي كعنصر مدخل | Short stories, English |
| التقسيم الفرعي العام | History and criticism. |
| 9 (RLIN) | 4119 |
| 650 #7 - المدخل الاضافى بالموضوع-مصطلح موضوعى | |
| مصطلح موضوعي أو اسم جغرافي كعنصر مدخل | LITERARY CRITICISM / Short Stories |
| مصدر الرأس أو المصطلح | bisacsh |
| 9 (RLIN) | 4120 |
| 650 #7 - المدخل الاضافى بالموضوع-مصطلح موضوعى | |
| مصطلح موضوعي أو اسم جغرافي كعنصر مدخل | LITERARY CRITICISM / European / English, Irish, Scottish, Welsh |
| مصدر الرأس أو المصطلح | bisacsh |
| 9 (RLIN) | 4121 |
| 650 #7 - المدخل الاضافى بالموضوع-مصطلح موضوعى | |
| مصطلح موضوعي أو اسم جغرافي كعنصر مدخل | LITERARY CRITICISM / General |
| مصدر الرأس أو المصطلح | bisacsh |
| 9 (RLIN) | 4122 |
| 700 1# - المدخل الاضافى - اسم شخصى | |
| الإسم الشخصى | Maunder, Andrew. |
| 9 (RLIN) | 4123 |
| 700 1# - المدخل الاضافى - اسم شخصى | |
| الإسم الشخصى | Robbins, Ruth, |
| التواريخ المصاحبة للاسم | 1965- |
| 9 (RLIN) | 4124 |
| 830 #0 - المدخل الاضافى بالسلسلة -عنوان موحد | |
| عنوان موحد | Outlining literature. |
| 9 (RLIN) | 4125 |
| 856 42 - الوصول و الموقع الالكترونى | |
| مواد محددة | Cover image |
| معرف المصدر الموحد | <a href="http://www.netread.com/jcusers/1388/2293383/image/lgcover.9780230551718.jpg">http://www.netread.com/jcusers/1388/2293383/image/lgcover.9780230551718.jpg</a> |
| 942 ## - عناصر المدخل الإضافي( كوها) | |
| مصدر التصنيف او مخطط الترفيف | Dewey Decimal Classification |
| Koha [default] item type | DVD |
| 948 1# - معلومات معالجة محلية جزء السلاسل(OCLC); DESIGNATOR (RLIN) | |
| Series part designator, SPT (RLIN) | 20110225 |
| b (OCLC) | c |
| c (OCLC) | ybp21 |
| d (OCLC) | MPS |
| حالة الفقد | نموذج السعر الفعال | حالة تلف | ليس للاعارة | رقم الطلب | تاريخ الاكتساب | الموقع الحالي | الباركود | الفرع الرئيسي | Date last seen | نوع المادة فى نظام كوها | مصدر التصنيف او خطة الترفيف | Total Checkouts |
|---|---|---|---|---|---|---|---|---|---|---|---|---|
| 2013-03-10 | 823.0109 L E B | 2011-09-08 | قسم الاجراءات الفنية (IC) | 00101708 | قسم الاجراءات الفنية (IC) | 2013-03-10 | كتاب | Dewey Decimal Classification | ||||
| 2013-03-10 | 823.0109 L E B | 2011-09-08 | قسم الاجراءات الفنية (IC) | 00101707 | قسم الاجراءات الفنية (IC) | 2013-03-10 | كتاب | Dewey Decimal Classification | ||||
| 2013-03-10 | 823.0109 L E B | 2011-09-10 | قسم الاجراءات الفنية (IC) | 00101567 | قسم الاجراءات الفنية (IC) | 2013-03-10 | كتاب | Dewey Decimal Classification | ||||
| 2013-03-10 | 823.0109 L E B | 2011-09-10 | قسم الاجراءات الفنية (IC) | 00101568 | قسم الاجراءات الفنية (IC) | 2013-03-10 | كتاب | Dewey Decimal Classification |
